| 000 | 00331nam a22001337a 4500 | ||
|---|---|---|---|
| 008 | 170821b xxu||||| |||| 00| 0 eng d | ||
| 020 | _a9780536002600 | ||
| 041 | _aeng | ||
| 080 |
_26 ED _a51 |
||
| 100 | _a37 | ||
| 101 | _aMAT | ||
| 245 |
_aESSENTIAL OF PRECALCULUS ALGEBRA AND TRIGOMETRY _cCHRISTY.D |
||
| 942 |
_2udc _cBK |
||
| 999 |
_c24353 _d24353 |
||